00440nam a2200121 a 450000100100000000500170001000800410002704000250006808200150009324501320010826000570024030000210029700003281220200930065840.0110726s1920 dr 000 0 spa d aDO-SdBNPbspacBNPHU axxxxbI43f00aInforme final de la comisión dominicana de reclamaciones de 1917 presentado al honorable gobernador militar de Santo Domingo. aSanto Domingo :bImp. de J. R. Vda. García,c1920. a568 p. ;c24 cm.